Schoolteachers and the Nordic Model (Record no. 20559)
[ view plain ]
| 000 -LEADER | |
|---|---|
| fixed length control field | 00628nam a2200121Ia 4500 |
| 008 - FIXED-LENGTH DATA ELEMENTS--GENERAL INFORMATION | |
| fixed length control field | 220616s9999||||xx |||||||||||||| ||und|| |
| 245 #0 - TITLE STATEMENT | |
| Title | Schoolteachers and the Nordic Model |
| Remainder of title | Comparative and Historical Perspectives |
| 546 ## - LANGUAGE NOTE | |
| Language note | English[eng] |
| 650 ## - SUBJECT ADDED ENTRY--TOPICAL TERM | |
| Topical term or geographic name entry element | comparative education||Denmark||Finland||history of education||Iceland||Norway||professional autonomy||Sweden||socio-cultural history||teacher education||teacher professionalism||teaching culture |
| 700 ## - ADDED ENTRY--PERSONAL NAME | |
| Personal name | Larsen, Jesper Eckhardt||Schulte, Barbara||Thue, Fredrik W. |
| 856 ## - ELECTRONIC LOCATION AND ACCESS | |
| Uniform Resource Identifier | <a href="https://library.oapen.org/bitstream/20.500.12657/52011/1/9781000521252.pdf">https://library.oapen.org/bitstream/20.500.12657/52011/1/9781000521252.pdf</a> |
| 942 ## - ADDED ENTRY ELEMENTS (KOHA) | |
| Koha item type | E-Books |
| Withdrawn status | Lost status | Damaged status | Not for loan | Home library | Current library | Date acquired | Total Checkouts | Date last seen | Price effective from | Koha item type |
|---|---|---|---|---|---|---|---|---|---|---|
| Kerala University of Digital Sciences, Innovation and Technology Knowledge Centre | Kerala University of Digital Sciences, Innovation and Technology Knowledge Centre | 16/06/2022 | 16/06/2022 | 16/06/2022 | E-Books |